{"text_format":"3","workbook":"xlsx","n_sheets":1,"sheets":["Sheet 1"],"read":"whole","date_system":"1900"}

{"sheet":"Sheet 1","index":0,"n_rows":35,"n_cols":12,"rows_kept":35}
["Предмет","Фамилия","Имя","Пол","Участник с ОВЗ (да/нет)","Класс обучения","Класс участия","Балл","Максимальный балл","Статус","ФИО учителя","Место работы учителя"]
["Математика","Фазлеева","Эльвина","ж","нет",5,5,0,8,"участник","Гиззатуллина Лилия Камильевна","муниципальное бюджетное общеобразовательное учреждение \"Средняя общеобразовательная школа №4\" Менделеевского муниципального района Республики Татарстан"]
["Математика","Болтачева","Регина","ж","нет",5,5,2,8,"участник","Гиззатуллина Лилия Камильевна","муниципальное бюджетное общеобразовательное учреждение \"Средняя общеобразовательная школа №4\" Менделеевского муниципального района Республики Татарстан"]
["Математика","Осягина","Евангелина","ж","нет",5,5,1,8,"участник","Гиззатуллина Лилия Камильевна","муниципальное бюджетное общеобразовательное учреждение \"Средняя общеобразовательная школа №4\" Менделеевского муниципального района Республики Татарстан"]
["Математика","Смирнова","Ксения","ж","нет",6,6,2,8,"участник","Гиззатуллина Лилия Камильевна","муниципальное бюджетное общеобразовательное учреждение \"Средняя общеобразовательная школа №4\" Менделеевского муниципального района Республики Татарстан"]
["Математика","Данилова","Полина","ж","нет",6,6,2,8,"участник","Гиззатуллина Лилия Камильевна","муниципальное бюджетное общеобразовательное учреждение \"Средняя общеобразовательная школа №4\" Менделеевского муниципального района Республики Татарстан"]
["Математика","Абдулхаков","Рузаль","м","нет",4,4,1,8,"Участник","Софронова Ольга Юрьевна","муниципальное бюджетное общеобразовательное учреждение \"Средняя общеобразовательная школа №4\" Менделеевского муниципального района Республики Татарстан"]
["Математика","Алексеева","Анастасия","ж","нет",4,4,3,8,"Участник","Софронова Ольга Юрьевна","муниципальное бюджетное общеобразовательное учреждение \"Средняя общеобразовательная школа №4\" Менделеевского муниципального района Республики Татарстан"]
["Математика","Булатов","Авель","м","нет",4,4,4,8,"Участник","Софронова Ольга Юрьевна","муниципальное бюджетное общеобразовательное учреждение \"Средняя общеобразовательная школа №4\" Менделеевского муниципального района Республики Татарстан"]
["Математика","Булатова","Анетта","ж","нет",4,4,4,8,"Участник","Софронова Ольга Юрьевна","муниципальное бюджетное общеобразовательное учреждение \"Средняя общеобразовательная школа №4\" Менделеевского муниципального района Республики Татарстан"]
["Математика","Гафарова","Лилия","ж","нет",4,4,3,8,"Участник","Софронова Ольга Юрьевна","муниципальное бюджетное общеобразовательное учреждение \"Средняя общеобразовательная школа №4\" Менделеевского муниципального района Республики Татарстан"]
["Математика","Ермакова","Алина","ж","нет",4,4,1,8,"Участник","Софронова Ольга Юрьевна","муниципальное бюджетное общеобразовательное учреждение \"Средняя общеобразовательная школа №4\" Менделеевского муниципального района Республики Татарстан"]
["Математика","Забалуев","Данил","м","нет",4,4,1,8,"Участник","Софронова Ольга Юрьевна","муниципальное бюджетное общеобразовательное учреждение \"Средняя общеобразовательная школа №4\" Менделеевского муниципального района Республики Татарстан"]
["Математика","Качмашев","Иван","м","нет",4,4,2,8,"Участник","Софронова Ольга Юрьевна","муниципальное бюджетное общеобразовательное учреждение \"Средняя общеобразовательная школа №4\" Менделеевского муниципального района Республики Татарстан"]
["Математика","Корнеев","Сергей","м","нет",4,4,2,8,"Участник","Софронова Ольга Юрьевна","муниципальное бюджетное общеобразовательное учреждение \"Средняя общеобразовательная школа №4\" Менделеевского муниципального района Республики Татарстан"]
["Математика","Красильников","Алексей","м","нет",4,4,1,8,"Участник","Софронова Ольга Юрьевна","муниципальное бюджетное общеобразовательное учреждение \"Средняя общеобразовательная школа №4\" Менделеевского муниципального района Республики Татарстан"]
["Математика","Максютин","Данил","м","нет",4,4,1,8,"Участник","Софронова Ольга Юрьевна","муниципальное бюджетное общеобразовательное учреждение \"Средняя общеобразовательная школа №4\" Менделеевского муниципального района Республики Татарстан"]
["Математика","Марфина","Валерия","ж","нет",4,4,1,8,"Участник","Софронова Ольга Юрьевна","муниципальное бюджетное общеобразовательное учреждение \"Средняя общеобразовательная школа №4\" Менделеевского муниципального района Республики Татарстан"]
["Математика","Назырова","Айзаде","ж","нет",4,4,3,8,"Участник","Софронова Ольга Юрьевна","муниципальное бюджетное общеобразовательное учреждение \"Средняя общеобразовательная школа №4\" Менделеевского муниципального района Республики Татарстан"]
["Математика","Нуриев","Роман","м","нет",4,4,1,8,"Участник","Софронова Ольга Юрьевна","муниципальное бюджетное общеобразовательное учреждение \"Средняя общеобразовательная школа №4\" Менделеевского муниципального района Республики Татарстан"]
["Математика","Сабитов","Артём","м","нет",4,4,4,8,"Участник","Софронова Ольга Юрьевна","муниципальное бюджетное общеобразовательное учреждение \"Средняя общеобразовательная школа №4\" Менделеевского муниципального района Республики Татарстан"]
["Математика","Степанов","Ярослав","м","нет",4,4,1,8,"Участник","Софронова Ольга Юрьевна","муниципальное бюджетное общеобразовательное учреждение \"Средняя общеобразовательная школа №4\" Менделеевского муниципального района Республики Татарстан"]
["Математика","Селиванова","Анастасия","ж","нет",4,4,1,8,"Участник","Софронова Ольга Юрьевна","муниципальное бюджетное общеобразовательное учреждение \"Средняя общеобразовательная школа №4\" Менделеевского муниципального района Республики Татарстан"]
["Математика","Тургаев","Адель","м","нет",4,4,2,8,"Участник","Софронова Ольга Юрьевна","муниципальное бюджетное общеобразовательное учреждение \"Средняя общеобразовательная школа №4\" Менделеевского муниципального района Республики Татарстан"]
["Математика","Ушкова","Анастасия","ж","нет",4,4,3,8,"Участник","Софронова Ольга Юрьевна","муниципальное бюджетное общеобразовательное учреждение \"Средняя общеобразовательная школа №4\" Менделеевского муниципального района Республики Татарстан"]
["Математика","Файзрахманов","Алмаз","м","нет",4,4,2,8,"Участник","Софронова Ольга Юрьевна","муниципальное бюджетное общеобразовательное учреждение \"Средняя общеобразовательная школа №4\" Менделеевского муниципального района Республики Татарстан"]
["Математика","Шанталов","Кирилл","м","нет",4,4,3,8,"Участник","Софронова Ольга Юрьевна","муниципальное бюджетное общеобразовательное учреждение \"Средняя общеобразовательная школа №4\" Менделеевского муниципального района Республики Татарстан"]
["Математика","Щербаков","Михаил","м","нет",4,4,2,8,"Участник","Софронова Ольга Юрьевна","муниципальное бюджетное общеобразовательное учреждение \"Средняя общеобразовательная школа №4\" Менделеевского муниципального района Республики Татарстан"]
["Математика","Хурматуллина","Эмилия","ж","нет",5,5,3,8,"Участник","Акинина Ольга Юрьевна","муниципальное бюджетное общеобразовательное учреждение \"Средняя общеобразовательная школа №4\" Менделеевского муниципального района Республики Татарстан"]
["Математика","Просвиркин","Тимур","м","нет",5,5,1,8,"Участник","Акинина Ольга Юрьевна","муниципальное бюджетное общеобразовательное учреждение \"Средняя общеобразовательная школа №4\" Менделеевского муниципального района Республики Татарстан"]
["Математика","Могунов","Илья","м","нет",5,5,3,8,"Участник","Акинина Ольга Юрьевна","муниципальное бюджетное общеобразовательное учреждение \"Средняя общеобразовательная школа №4\" Менделеевского муниципального района Республики Татарстан"]
["Математика","Шайбакова","Арина","ж","нет",5,5,3,8,"Участник","Акинина Ольга Юрьевна","муниципальное бюджетное общеобразовательное учреждение \"Средняя общеобразовательная школа №4\" Менделеевского муниципального района Республики Татарстан"]
["Математика","Булатова","Ангелина","ж","нет",6,6,2,8,"Участник","Акинина Ольга Юрьевна","муниципальное бюджетное общеобразовательное учреждение \"Средняя общеобразовательная школа №4\" Менделеевского муниципального района Республики Татарстан"]
["Математика","Ушков","Вадим","м","нет",6,6,4,8,"Участник","Акинина Ольга Юрьевна","муниципальное бюджетное общеобразовательное учреждение \"Средняя общеобразовательная школа №4\" Менделеевского муниципального района Республики Татарстан"]
["Математика","Идиятуллина","Тавифа","ж","нет",6,6,4,8,"Участник","Акинина Ольга Юрьевна","муниципальное бюджетное общеобразовательное учреждение \"Средняя общеобразовательная школа №4\" Менделеевского муниципального района Республики Татарстан"]